00490cam a2200169 a 450000100100000000500170001000800410002704000250006808200190009310000240011224500410013626000400017730000210021753400400023865000190027865000230029700000438320200929151432.0930610s1993 ag 000 1 spa  aDO-SdBNPbspacBNPHU a823.914bH645s1 aHill, Susan,d1942-13aLa señora de Winter /cSusan Hill. aBuenos Aires :bAtlántida,c1993. a319 p. ;c24 cm. pTítulo original :tMrs. De Winter 4aNovela inglesa 4aLiteratura inglesa